Central Library OPAC University of Rajshahi

কাজী নজরুল ইসলাম এবং জীবনানন্দ দাশের কবিতায় রঙের ব্যবহারবৈচিত্র্য / (Record no. 71292)

MARC details
000 -LEADER
fixed length control field 01119nam a2200241 a 4500
001 - CONTROL NUMBER
control field 71292
003 - CONTROL NUMBER IDENTIFIER
rucl marc code BD-RjUL
005 - DATE AND TIME OF LATEST TRANSACTION
control field 20211209082110.0
008 - FIXED-LENGTH DATA ELEMENTS--GENERAL INFORMATION
fixed length control field 170430s2007 bg ||||| |||| 001 0 ben d
020 ## - INTERNATIONAL STANDARD BOOK NUMBER
International Standard Book Number 9840746138 :
Terms of availability : TK. 150.00
035 ## - SYSTEM CONTROL NUMBER
System control number (BD-RjUL)71508
040 ## - CATALOGING SOURCE
Original cataloging agency BD-RjUL
Language of cataloging ben
Transcribing agency BD-RjUL
Modifying agency BD-RjUL
041 ## - LANGUAGE CODE
Language code of text/sound track or separate title ben
082 ## - DEWEY DECIMAL CLASSIFICATION NUMBER
Edition number 23
Classification number 891.44109
Author mark and year HOK 2007
100 ## - MAIN ENTRY--PERSONAL NAME
Personal name হোসেন, কাজী মোজাম্মেল
9 (RLIN) 210954
245 ## - TITLE STATEMENT
Title কাজী নজরুল ইসলাম এবং জীবনানন্দ দাশের কবিতায় রঙের ব্যবহারবৈচিত্র্য /
Statement of responsibility, etc. কাজী মোজাম্মেল হোসেন
260 ## - PUBLICATION, DISTRIBUTION, ETC. (IMPRINT)
Place of publication, distribution, etc. ঢাকা :
Name of publisher, distributor, etc. বাংলা একাডেমী,
Date of publication, distribution, etc. ২০০৭.
300 ## - PHYSICAL DESCRIPTION
Pagination [তেরো], ৩১০ পৃ. ;
Size ২২ সেমি.
500 ## - GENERAL NOTE
General note নির্ঘন্ট সংযুক্ত.
650 ## - SUBJECT ADDED ENTRY--TOPICAL TERM
Topical term or geographic name as entry element বাংলা কবিতা
Form subdivision ইতিহাস এবং সমালোচনা
9 (RLIN) 210955
Topical term or geographic name as entry element Bengali Poetry
Form subdivision History and Criticism
9 (RLIN) 117725
942 ## - ADDED ENTRY ELEMENTS (KOHA)
Source of classification or shelving scheme Dewey Decimal Classification
Koha item type Books
Holdings
Lost status Source of classification or shelving scheme Damaged status Not for loan Collection code Permanent Location Current Location Shelving location Date acquired Source of acquisition Cost, normal purchase price Total Checkouts Full call number Date last seen Copy number Koha item type
  Dewey Decimal Classification   Not For Loan Non-fiction Central Library, University of Rajshahi Central Library, University of Rajshahi Reading Room 09/12/2021 Bangla Academi, Dhaka 150.00   B 891.44109 HOK 2007 30/04/2017 C-1 Books